书目信息 |
| 题名: |
建筑细部图鉴
|
|
| 作者: | 向田直干 著 ;白林 译 | |
| 分册: | 屋顶 | |
| 出版信息: | 北京 中国建筑工业出版社 2000 |
|
| 页数: | 126页 | |
| 开本: | 29cm | |
| 丛书名: | ||
| 单 册: | ||
| 中图分类: | TU231-64 , TU231-64 | |
| 科图分类: | ||
| 主题词: | 建筑结构--细部设计--世界--图集 , 屋顶--建筑设计--世界--图集 , 建筑设计 | |
| 电子资源: | ||
| ISBN: | 7-112-04346-8 | |
| 000 | 00983nam0 2200301 450 | |
| 001 | 1570136239 | |
| 005 | 20150119192913.56 | |
| 010 | @a7-112-04346-8@dCNY60.00 | |
| 035 | @a(011001)c2001016205 | |
| 035 | @a(011001)y2000000000 | |
| 100 | @a20010423d2000 em y0chiy0110 ea | |
| 101 | 1 | @achi@cjpn |
| 102 | @aCN@b110000 | |
| 105 | @aa z 000yy | |
| 200 | 1 | @a建筑细部图鉴@9jian zhu xi bu tu jian@i屋顶@b专著@f(日)向田直干著@g白林译 |
| 210 | @a北京@c中国建筑工业出版社@d2000 | |
| 215 | @a126页@d29cm | |
| 305 | @a日本CREO株式会社授权翻译出版 | |
| 330 | @a本册介绍了德国、荷兰、比利时、英国、奥地利、意大利、希腊、西班牙、葡萄牙、丹麦、法国等国的屋顶的建筑特色。 | |
| 606 | 0 | @a建筑结构@x细部设计@y世界@j图集 |
| 606 | 0 | @a屋顶@x建筑设计@y世界@j图集 |
| 606 | 0 | @a建筑设计 |
| 690 | @aTU231-64@v4 | |
| 690 | @aTU231-64@v4 | |
| 701 | 0 | @a向田直干@9xiang tian zhi gan@4著 |
| 702 | 0 | @a白林@9bai lin@4译 |
| 801 | 0 | @aCN@bNLC@c20010429 |
| 905 | @aZUCC@dTU231-64@eJY27 | |
| 建筑细部图鉴.屋顶/(日)向田直干著/白林译.-北京:中国建筑工业出版社,2000 |
| 126页;29cm |
| ISBN 7-112-04346-8:CNY60.00 |
| 本册介绍了德国、荷兰、比利时、英国、奥地利、意大利、希腊、西班牙、葡萄牙、丹麦、法国等国的屋顶的建筑特色。 |
| ● |
| 相关链接 |
|
|
|
|
正题名:建筑细部图鉴
索取号:TU231-64/JY27
 
预约/预借
| 序号 | 登录号 | 条形码 | 馆藏地/架位号 | 状态 | 备注 |
| 1 | 7847509 | 278475099 | 学院路分馆/ [索取号:TU231-64/JY27] | 在馆 | |
| 2 | 7847510 | 278475106 | 学院路分馆/ [索取号:TU231-64/JY27] | 在馆 |